NRW nach Buchstaben - B - Statistiken

Allgemein
  • Dieses Quiz wurde 71 mal gespielt
  • Das Durchschnittsergebnis liegt bei 13 aus 20
Antwortstatistiken
Hint Antwort % Korrekt
Ruhrpottstadt mit Bermudadreieck, Ruhrstadion und Starlight Express Bochum
100%
Ehemalige Hauptstadt der Bundesrepublik am Rhein Bonn
100%
Name von Fußballvereinen in Mönchengladbach und Dortmund Borussia
94%
Chemiekonzern mit Sitz in Leverkusen Bayer
90%
Ruhrpottstadt mit Tetraeder, Movie Park und Skihalle Bottrop
86%
Region um Wuppertal, Gummersbach und Remscheid Bergisches Land
81%
Rheinischer Komponist (Ode an die Freude, Für Elise, Mondscheinsonate) Ludwig van Beethoven
79%
Leineweberstadt in Ostwestfalen mit Alm, Sparrenburg und Dr. Oetker Bielefeld
75%
Kreisstadt im westlichen Münsterland Borken
63%
Stadt bei Köln mit Schloss Augustburg und Phantasialand Brühl
63%
Stadt im westlichen Münsterland an der Grenze zu den Niederlanden Bocholt
59%
Bodenschatz, der den Hambacher Wald gefährdet ist Braunkohle
57%
Kölner Rockband (Verdamp lang her, Kristalnaach, Aff un Zo) BAP
51%
Großer Medienkonzern mit Sitz in Gütersloh Bertelsmann
49%
Ehemalige Heimspielstädte der Fußballmannschaft aus Mönchengladbach Bökelberg
46%
Schloss in Düsseldorf Benrath
43%
Fluss mit Stausee im Sauerland Bigge
41%
Kölner Schriftsteller (Die verlorene Ehre der Katharina Blum, Irisches Tagebuch, Gruppenbild mit Dame) Heinrich Böll
33%
Kontroverser Aktionskünstler aus dem Rheinland, Erfinder der Sozialen Plastik Joseph Beuys
22%
Tanztheater-Choreographin, welche in Wuppertal wirkte Pina Bausch
22%
Keine übereinstimmenden Quizze gefunden
Verteilung der Resultate
Anzahl Personen mit jedem Resultat
Perzentil nach korrekt beantworteten Fragen
Ihre Resultats-Entwicklung
Sie haben dieses Quiz noch nicht gespielt